| 000 | 00485nam a2200169Ia 4500 | ||
|---|---|---|---|
| 003 | GCL | ||
| 008 | 140319s9999 xx 000 0 ara d | ||
| 040 |
_aGCL / _cGCL |
||
| 082 | 0 | 4 |
_aد _b050 |
| 100 | 1 | _aعبدالحليم عباس | |
| 245 | 1 | 0 |
_aابونواس ( اقرا 21 ) / _cعبدالحليم عباس |
| 300 | _a136 ص | ||
| 490 |
_aوثائق ونصوص _v0 |
||
| 650 | 0 | 4 | _aالشعر العربى |
| 650 | 0 | 4 | _aابونواس، الحسن بن هانى |
| 942 |
_2ddc _cCF |
||
| 999 |
_c27252 _d27252 |
||